| 000 | 00390nam a2200133 a 4500 | ||
|---|---|---|---|
| 005 | 20140414132104.0 | ||
| 008 | 100823s19uu xx 00 eng d | ||
| 050 |
_aTR 808 _bH43 2009 |
||
| 100 | _aHerman, David, 1962- | ||
| 245 |
_aBasic elements of narrative / _cby David Herman. |
||
| 260 |
_aUnited Kingdom : _bWiley-Blackwell, _c2009. |
||
| 650 | _aNarration (Rhetoric) | ||
| 999 |
_c114560 _d114560 |
||